| 000 | 00609nam a2200193 4500 | ||
|---|---|---|---|
| 001 | 125771 | ||
| 003 | ES-MaACL | ||
| 005 | 20250827062624.0 | ||
| 007 | t| | ||
| 008 | 070214s1959 sp r ||||1| spa d | ||
| 110 | 1 |
_aEspaña _93622 |
|
| 130 | 0 | 0 |
_aLeyes, etc. _9122601 |
| 245 | 1 | 0 |
_aRegistro Civil _b: legislación vigente, por el carácter progresivo de esta obra : jurisprudencia al día. |
| 260 |
_aPamplona : _bAranzadi, _c1959. |
||
| 300 |
_a608 p. ; _c17 cm. |
||
| 500 | _aEn la port.: Indices completos al final del volumen. | ||
| 852 |
_aES-MaACL _jC-16381 _bR.44246 |
||
| 999 |
_c125771 _d125771 |
||